000 00968nam a2200253 a 4500
001 000024528
005 20200930023224.0
008 110131s2003 dr ac 000 0 spa d
020 _a9993403482
040 _aDO-SdBNP
_bspa
_cBNPHU
082 _a923.17293
_bM516f
100 1 _aFiguereo, Cándida
_950264
245 1 0 _aCosas de Hipólito /
_cCádida Figuereo ; prólogo Osvaldo Santana.
260 _aSanto Domingo :
_bBúho,
_c2003.
300 _a541 p. :
_bil., retrs. ;
_c23 cm.
600 1 4 _aMEJÍA, HIPÓLITO,
_d1941-
_xCITAS, MÁXIMAS, ETC.
_950265
600 1 4 _aMEJÍA, HIPÓLITO,
_d1941-
_xANÉCDOTAS, CHISTES, SÁTIRAS, ETC.
_950266
610 1 4 _aREPÚBLICA DOMINICANA (2000-2004 : MEJÍA)
_921030
650 4 _aPresidentes
_zRepública Dominicana
_xCitas, máximas, etc.
_950267
650 4 _aRepública dominicana
_xPolítica y gobierno
_92488
700 1 _aSantana, Osvaldo,
_epról.
_950268
910 _aValidado. Control de calidad BNPHU
049 _aBNPD
999 _c24021
_d24021